000 02064nam a2200265Ia 4500
003 Ost
005 20260507075656.0
008 260507s9999||||xx |||||||||||||| ||und||
020 _a9773830292
040 _cfsecg
041 _aara
082 _a341.55
100 _aأبو الخيرن، السيد مصطفى أحمد
_eمؤلف
245 0 _aتحالفات العولمة العسكرية والقانون الدولي /
_c السيد مصطفى أحمد أبو الخيرن
260 _aالقاهرة:
_bايتراك,
_c2005
300 _a367 صفحة؛
_bإيضاحات ؛
_c24 سم
504 _aالمراجع ص.351
520 _aالتحالف الدولي في حرب الخليج الثانية: التكسيف القانوني لغزو العراق للكويت، دور الأمم المتحدة في حرب الخليج الثانية، الطبيعة القانونية للتحالف الدولي في حرب الخليج الثانية، المسؤولية الدولية عن حرب الخليج الثانية التحالف الدولي ضد افغنستان في ضوء أحكام القانون الدولي العام: الحرب ضد افغنستان في ضوء أحكام القانون الدولي العام، الحماية القانونية للطيران المدني في القانون الدولي، الآثار المترتبة على الحرب ضد افغنستان في ضوء القانون الدولي حرب الخليج الثالثة في ضوء القانون الدولي المعاصر: دور الأمم المتحدة في حرب الخليج الثالثة، الانتهاكات التي ارتكبتها قوات التحالف أثناء حرب الخليج الثالثة، المسؤولية الدولية عن حرب الخليج الثالثة.
653 _aالتدخلات الأجنبية
653 _aالعلاقات الدولية
653 _aالقانون الدولي
653 _aتسوية النزاعات
653 _aحرب الخليج 1991
942 _cكتاب
999 _c45692
_d45692